书目信息 |
| 题名: |
你好, 运动!
|
|
| 作者: | 马里亚尼 著 ;陈波 译 | |
| 分册: | ||
| 出版信息: | 南京 江苏凤凰科学技术出版社 2020.10 |
|
| 页数: | 87页 | |
| 开本: | 36cm | |
| 丛书名: | ||
| 单 册: | ||
| 中图分类: | G8 | |
| 科图分类: | ||
| 主题词: | 体育运动--少儿读物 | |
| 电子资源: | ||
| ISBN: | 978-7-5713-1388-3 | |
| 000 | 01053nam0 2200265 45 | |
| 001 | 012001000910 | |
| 005 | 20130910090327.0 | |
| 010 | @a978-7-5713-1388-3@b精装@dCNY118.00 | |
| 100 | @a20210111d2020 ce y0chiy0110 ea | |
| 101 | 1 | @achi@cita |
| 102 | @aCN@b320000 | |
| 105 | @aa z 000yy | |
| 106 | @ad | |
| 200 | 1 | @a你好, 运动!@Ani hao, yun dong!@dIl grande libro dello sport for kids@f(意)费德里科·马里亚尼著@g陈波译@zita |
| 210 | @a南京@c江苏凤凰科学技术出版社@d2020.10 | |
| 215 | @a87页@c彩图@d36cm | |
| 300 | @a并列题名:Grande libro dello sport for kids | |
| 330 | @a本书涵盖14种主流体育运动,内容包括:足球、篮球、排球、网球,田径、游泳、滑雪、体操等。从历史起源,到当下规则;从伟大运动员,到趣味小知识,踏着成长的脚步,一起和队友收获友谊和冠军,收获追求梦想的信念和勇气吧。 | |
| 510 | 1 | @aGrande libro dello sport for kids@zita |
| 606 | 0 | @a体育运动@j少儿读物 |
| 690 | @aG8@v5 | |
| 701 | 0 | @c(意)@a马里亚尼@Ama li ya ni@4著 |
| 702 | 0 | @a陈波@Achen bo@4译 |
| 801 | @aCN@b江苏凤凰@c20211018 | |
| 905 | @b1341492-5@dG8@e864@f4 | |
| 你好, 运动!=Il grande libro dello sport for kids/(意)费德里科·马里亚尼著/陈波译.-南京:江苏凤凰科学技术出版社,2020.10 |
| 87页:彩图;36cm |
| 并列题名:Grande libro dello sport for kids |
| ISBN 978-7-5713-1388-3(精装):CNY118.00 |
| 本书涵盖14种主流体育运动,内容包括:足球、篮球、排球、网球,田径、游泳、滑雪、体操等。从历史起源,到当下规则;从伟大运动员,到趣味小知识,踏着成长的脚步,一起和队友收获友谊和冠军,收获追求梦想的信念和勇气吧。 |
| ● |
| 相关链接 |
|
|
|
|
正题名:你好, 运动!
索取号:G8/864
 
预约/预借
| 序号 | 登录号 | 条形码 | 馆藏地/架位号 | 状态 | 备注 |
| 1 | 1341492 | 213414928 | 第一样本阅览室/ [索取号:G8/864] | 在馆 | |
| 2 | 1341493 | 213414937 | 第四借阅区/ [索取号:G8/864] | 在馆 | |
| 3 | 1341494 | 213414946 | 第四借阅区/ [索取号:G8/864] | 在馆 | |
| 4 | 1341495 | 213414955 | 第四借阅区/ [索取号:G8/864] | 在馆 |